[Event "45. Open de Mislata 2011 - Promesas"]
[Site "Mislata ESP"]
[Date "2011.08.18"]
[Round "5.4"]
[White "Martinez Hernandez, Paula"]
[Black "Moreno Vicente, Jesus Miguel"]
[Result "1/2-1/2"]
[WhiteElo "1701"]
[BlackElo "1714"]
[PlyCount "126"]
[EventDate "2011.08.15"]
[EventType "tourn"]
[EventRounds "9"]
[EventCountry "ESP"]
[Source "lmi"]
[SourceDate "2011.08.15"]

1. e4 e6 2. d4 d5 3. exd5 exd5 4. Bf4 Nf6 5. Bd3 Bd6 6. Bxd6 Qxd6 7. Nf3 O-O 8.
O-O Bg4 9. Nbd2 Nbd7 10. h3 Bh5 11. c3 Rfe8 12. Qc2 c6 13. Rfe1 Bg6 14. Bxg6
hxg6 15. Qd3 Nh5 16. Rxe8+ Rxe8 17. Re1 Rxe1+ 18. Nxe1 Qe6 19. Qe3 Qxe3 20.
fxe3 Ng3 21. Kf2 Ne4+ 22. Nxe4 dxe4 23. Nc2 Nb6 24. b3 f5 25. c4 a5 26. Kg3 Kf7
27. Kf4 Kf6 28. h4 Nc8 29. g4 Ne7 30. g5+ Ke6 31. Na3 b5 32. Nb1 Nc8 33. cxb5
cxb5 34. Kg3 b4 35. a3 Nb6 36. Kf2 Nd5 37. axb4 axb4 38. Nd2 Nc3 39. Nc4 Na2
40. Ne5 Nc1 41. Nxg6 Nxb3 42. h5 Kf7 43. Ne5+ Ke6 44. h6 gxh6 45. gxh6 Kf6 46.
Nc6 Kg6 47. Nxb4 Kxh6 48. Na6 Kg6 49. Nc5 Nxc5 50. dxc5 Kf6 51. c6 Ke6 52. c7
Kd7 53. Kg3 Kxc7 54. Kf4 Kd6 55. Kxf5 Kd5 56. Kf4 Kd6 57. Kxe4 Ke6 58. Kd4 Kd6
59. e4 Ke6 60. e5 Ke7 61. Kd5 Kd7 62. Ke4 Ke6 63. Kd4 Ke7 1/2-1/2

[Event "45. Open de Mislata 2011 - Promesas"]
[Site "Mislata ESP"]
[Date "2011.08.18"]
[Round "5.5"]
[White "Ull Molina, Daniel"]
[Black "Chakrian, Tigran"]
[Result "1/2-1/2"]
[WhiteElo "1582"]
[BlackElo "1912"]
[PlyCount "71"]
[EventDate "2011.08.15"]
[EventType "tourn"]
[EventRounds "9"]
[EventCountry "ESP"]
[Source "lmi"]
[SourceDate "2011.08.15"]

1. d4 d5 2. c4 e6 3. Nc3 Nf6 4. Bg5 Be7 5. e3 O-O 6. Nf3 Nbd7 7. Bd3 b6 8. Qc2
c5 9. O-O Bb7 10. Rac1 Rc8 11. Nd2 h6 12. Bh4 e5 13. dxe5 Nxe5 14. Bf5 Ra8 15.
cxd5 Nxd5 16. Bxe7 Qxe7 17. Nxd5 Bxd5 18. Be4 Rad8 19. Rfd1 Bxe4 20. Qxe4 Qf6
21. Nb3 Ng6 22. Qc2 Ne7 23. h3 Qe5 24. Nd2 Qc7 25. Nf3 Nc6 26. a3 Ne5 27. Nxe5
Qxe5 28. b3 b5 29. g3 Qc7 30. Kh2 Rxd1 31. Rxd1 c4 32. Rc1 Rc8 33. bxc4 bxc4
34. Qc3 Qd7 35. Qd4 Qa4 36. Rc3 1/2-1/2

[Event "45. Open de Mislata 2011 - Promesas"]
[Site "Mislata ESP"]
[Date "2011.08.18"]
[Round "6.1"]
[White "Cama Molina, Daniel"]
[Black "Chakrian, Tigran"]
[Result "1/2-1/2"]
[WhiteElo "1619"]
[BlackElo "1912"]
[PlyCount "86"]
[EventDate "2011.08.15"]
[EventType "tourn"]
[EventRounds "9"]
[EventCountry "ESP"]
[Source "lmi"]
[SourceDate "2011.08.15"]

1. d4 d5 2. Nf3 Nf6 3. Bf4 Bf5 4. e3 e6 5. c4 c5 6. Nc3 a6 7. Qb3 b5 8. cxb5 c4
9. Qa4 Nfd7 10. a3 a5 11. Nd2 Bg6 12. Be2 Nb6 13. Qd1 f5 14. Nf3 N8d7 15. Ne5
Nxe5 16. Bxe5 Rg8 17. Bh5 Bd6 18. Bxg6+ hxg6 19. Bg3 Rh8 20. Qf3 Bc7 21. O-O-O
Qe7 22. Bxc7 Qxc7 23. Qg3 Qxg3 24. hxg3 Ke7 25. Rh3 Rh6 26. Rdh1 Rah8 27. Ne2
g5 28. Ng1 Kf6 29. Ne2 Kg6 30. Kc2 Rc8 31. Nc3 Re8 32. Ne2 Na4 33. Nc3 Nb6 34.
Ne2 Na8 35. Nc3 Rb8 36. a4 Nb6 37. b3 Rc8 38. Rc1 Rxh3 39. gxh3 cxb3+ 40. Kxb3
Nc4 41. Ne2 Kf7 42. Ka2 Ke7 43. Ng1 Rh8 1/2-1/2

[Event "45. Open de Mislata 2011 - Promesas"]
[Site "Mislata ESP"]
[Date "2011.08.18"]
[Round "6.2"]
[White "Moreno Vicente, Jesus Miguel"]
[Black "Ull Molina, Daniel"]
[Result "1-0"]
[WhiteElo "1714"]
[BlackElo "1582"]
[PlyCount "85"]
[EventDate "2011.08.15"]
[EventType "tourn"]
[EventRounds "9"]
[EventCountry "ESP"]
[Source "lmi"]
[SourceDate "2011.08.15"]

1. d4 Nf6 2. c4 d6 3. Nc3 g6 4. e4 Bg7 5. f3 O-O 6. Be3 Nc6 7. Qd2 e5 8. d5 Ne7
9. g4 c6 10. h4 h5 11. gxh5 Nxh5 12. O-O-O cxd5 13. cxd5 Bd7 14. Kb1 a6 15. Bh3
b5 16. Bg4 f5 17. Bxh5 gxh5 18. Bh6 f4 19. Bxg7 Kxg7 20. Nh3 Bxh3 21. Rxh3 Kh6
22. Rg1 Rg8 23. Rhg3 Rxg3 24. Rxg3 Ng6 25. Rh3 Qf6 26. Ne2 Kh7 27. Qe1 Rg8 28.
Rh2 Nh8 29. Qa5 Ra8 30. Qc7+ Kh6 31. Qb7 Qf8 32. Rg2 Ng6 33. Rh2 Qc8 34. Qxc8
Rxc8 35. b3 Ne7 36. Kb2 b4 37. Nc1 Rg8 38. Ne2 Ng6 39. a3 Nxh4 40. Nxf4 exf4
41. Rxh4 Kg5 42. Rh1 a5 43. Rg1+ 1-0

[Event "45. Open de Mislata 2011 - Promesas"]
[Site "Mislata ESP"]
[Date "2011.08.18"]
[Round "6.3"]
[White "Pons Lopez, Joan"]
[Black "Martinez Hernandez, Paula"]
[Result "0-1"]
[WhiteElo "1612"]
[BlackElo "1701"]
[PlyCount "40"]
[EventDate "2011.08.15"]
[EventType "tourn"]
[EventRounds "9"]
[EventCountry "ESP"]
[Source "lmi"]
[SourceDate "2011.08.15"]

1. e4 c5 2. Nf3 Nc6 3. d4 cxd4 4. Nxd4 g6 5. Nc3 Bg7 6. Be3 Nf6 7. f3 O-O 8.
Qd2 d5 9. O-O-O dxe4 10. fxe4 Ng4 11. Nxc6 Qxd2+ 12. Bxd2 bxc6 13. Re1 Be6 14.
Kb1 Rfd8 15. Bd3 Nf2 16. Rhf1 Nxd3 17. cxd3 Rxd3 18. Kc1 Rad8 19. Re2 Bc4 20.
Ref2 Rxd2 0-1

[Event "45. Open de Mislata 2011 - Promesas"]
[Site "Mislata ESP"]
[Date "2011.08.18"]
[Round "6.4"]
[White "Palomo Ruiperez, Bruno"]
[Black "Fernandez Garcia, Olmo"]
[Result "1/2-1/2"]
[WhiteElo "1613"]
[BlackElo "1677"]
[PlyCount "50"]
[EventDate "2011.08.15"]
[EventType "tourn"]
[EventRounds "9"]
[EventCountry "ESP"]
[Source "lmi"]
[SourceDate "2011.08.15"]

1. d4 d5 2. c4 c6 3. Nc3 Nf6 4. Nf3 a6 5. Bg5 e6 6. e3 Be7 7. Bd3 Nbd7 8. Qc2
h6 9. Bh4 dxc4 10. Bxc4 b5 11. Bd3 c5 12. O-O cxd4 13. Nxd4 Bb7 14. Rac1 O-O
15. Qb1 Nd5 16. Bxe7 Qxe7 17. Nxd5 Bxd5 18. e4 Bb7 19. Rc7 Rab8 20. Rfc1 Rfc8
21. Nf3 Rxc7 22. Rxc7 Qd8 23. Qc2 Rc8 24. Rxc8 Qxc8 25. Qxc8+ Bxc8 1/2-1/2

[Event "45. Open de Mislata 2011 - Promesas"]
[Site "Mislata ESP"]
[Date "2011.08.18"]
[Round "6.5"]
[White "Garcia Sancho, Josep"]
[Black "Fernandez Juan, Marcos"]
[Result "1/2-1/2"]
[WhiteElo "1551"]
[BlackElo "1619"]
[PlyCount "75"]
[EventDate "2011.08.15"]
[EventType "tourn"]
[EventRounds "9"]
[EventCountry "ESP"]
[Source "lmi"]
[SourceDate "2011.08.15"]

1. d4 Nf6 2. c4 e5 3. dxe5 Ng4 4. Bf4 g5 5. Bg3 Bg7 6. Nf3 Nc6 7. e3 Ngxe5 8.
Nxe5 Nxe5 9. Bxe5 Bxe5 10. Nc3 Qf6 11. Rc1 Qc6 12. Qd3 b6 13. e4 Bb7 14. Qd5
Qxd5 15. exd5 O-O-O 16. Bd3 h5 17. Kd1 Rhe8 18. Kc2 c6 19. dxc6 dxc6 20. Bf5+
Kb8 21. h3 Bxc3 22. Kxc3 Re2 23. Rcd1 Rde8 24. Rd2 c5 25. Rg1 a6 26. Bd3 Re1
27. Rxe1 Rxe1 28. f3 Re3 29. Re2 Rxe2 30. Bxe2 f5 31. a3 Kc7 32. g3 Kd6 33. f4
gxf4 34. gxf4 h4 35. Bf1 Bc6 36. b4 cxb4+ 37. axb4 a5 38. Kb3 1/2-1/2

[Event "45. Open de Mislata 2011 - Promesas"]
[Site "Mislata ESP"]
[Date "2011.08.19"]
[Round "7.1"]
[White "Fernandez Juan, Marcos"]
[Black "Cama Molina, Daniel"]
[Result "1/2-1/2"]
[WhiteElo "1619"]
[BlackElo "1619"]
[PlyCount "96"]
[EventDate "2011.08.15"]
[EventType "tourn"]
[EventRounds "9"]
[EventCountry "ESP"]
[Source "lmi"]
[SourceDate "2011.08.15"]

1. e4 c5 2. c3 d5 3. exd5 Qxd5 4. d4 cxd4 5. cxd4 Nc6 6. Nf3 Bg4 7. Be2 Nf6 8.
Nc3 Qd7 9. O-O e6 10. Be3 Bd6 11. h3 Bh5 12. Rc1 O-O 13. Qb3 a6 14. a3 Nd5 15.
Nxd5 exd5 16. Rc3 Rac8 17. Qc2 Bg6 18. Qd2 h6 19. b4 b5 20. Rfc1 Ne7 21. Ne1
Rxc3 22. Rxc3 Rc8 23. Nd3 Rxc3 24. Qxc3 Bxd3 25. Bxd3 Qc7 26. Qd2 Ng6 27. g3
Qd7 28. Kg2 Qc7 29. f4 Kf8 30. f5 Ne7 31. f6 Ng6 32. fxg7+ Kxg7 33. Bxh6+ Kg8
34. Qf2 Qe7 35. Qf3 Qe6 36. Qf5 Qxf5 37. Bxf5 Ne7 38. Bg4 f5 39. Bf3 Kf7 40.
Bg5 Ke6 41. Bxe7 Bxe7 42. h4 Bf6 43. g4 fxg4 44. Bxg4+ Kd6 45. h5 Kc6 46. Kf3
Bxd4 47. h6 Bh8 48. Ke3 Kb6 1/2-1/2

[Event "45. Open de Mislata 2011 - Promesas"]
[Site "Mislata ESP"]
[Date "2011.08.19"]
[Round "7.2"]
[White "Fernandez Garcia, Olmo"]
[Black "Garcia Sancho, Josep"]
[Result "1/2-1/2"]
[WhiteElo "1677"]
[BlackElo "1551"]
[PlyCount "48"]
[EventDate "2011.08.15"]
[EventType "tourn"]
[EventRounds "9"]
[EventCountry "ESP"]
[Source "lmi"]
[SourceDate "2011.08.15"]

1. e4 e5 2. Nf3 Nc6 3. Bb5 Nge7 4. c3 g6 5. d4 exd4 6. cxd4 d5 7. e5 Bg7 8. Bg5
O-O 9. O-O Bg4 10. Bxc6 bxc6 11. h3 Bf5 12. Re1 Re8 13. Nc3 h6 14. Bh4 Qd7 15.
Kh2 Rab8 16. Na4 Qc8 17. b3 Kh7 18. Nc5 Be6 19. Rc1 Rb6 20. Nxe6 Qxe6 21. Bxe7
Rxe7 22. Rc2 Qd7 23. Rce2 Re6 24. Qd2 Qe7 1/2-1/2

[Event "45. Open de Mislata 2011 - Promesas"]
[Site "Mislata ESP"]
[Date "2011.08.19"]
[Round "7.3"]
[White "Martinez Hernandez, Paula"]
[Black "Palomo Ruiperez, Bruno"]
[Result "1/2-1/2"]
[WhiteElo "1701"]
[BlackElo "1613"]
[PlyCount "57"]
[EventDate "2011.08.15"]
[EventType "tourn"]
[EventRounds "9"]
[EventCountry "ESP"]
[Source "lmi"]
[SourceDate "2011.08.15"]

1. e4 c6 2. d4 d5 3. e5 Bf5 4. Bd3 Bxd3 5. Qxd3 h6 6. Bf4 e6 7. Nf3 Nd7 8. Qb3
Qc7 9. Nbd2 Ne7 10. h4 c5 11. c3 Nc6 12. Rc1 Rc8 13. O-O Be7 14. Bg3 Nb6 15.
Qb5 c4 16. Nxc4 Nxc4 17. Qb3 O-O 18. Qc2 b5 19. b3 Nb6 20. Bf4 Nd8 21. Qd3 a6
22. g4 Bxh4 23. Nxh4 g5 24. Bxg5 hxg5 25. Qe3 Qe7 26. Nf3 f6 27. exf6 Qxf6 28.
Qxg5+ Qxg5 29. Nxg5 1/2-1/2

[Event "45. Open de Mislata 2011 - Promesas"]
[Site "Mislata ESP"]
[Date "2011.08.19"]
[Round "7.4"]
[White "Ull Molina, Daniel"]
[Black "Pons Lopez, Joan"]
[Result "0-1"]
[WhiteElo "1582"]
[BlackElo "1612"]
[PlyCount "138"]
[EventDate "2011.08.15"]
[EventType "tourn"]
[EventRounds "9"]
[EventCountry "ESP"]
[Source "lmi"]
[SourceDate "2011.08.15"]

1. d4 Nf6 2. c4 e5 3. Nf3 exd4 4. Nxd4 Bb4+ 5. Bd2 Bxd2+ 6. Qxd2 O-O 7. Nc3 d5
8. e3 c5 9. Nb3 dxc4 10. Qxd8 Rxd8 11. Nxc5 b6 12. N5e4 Nxe4 13. Nxe4 Bf5 14.
f3 Bxe4 15. fxe4 Na6 16. Bxc4 Nb4 17. Ke2 Rac8 18. Rac1 Kf8 19. a3 Nc6 20. Rc2
b5 21. Bd3 Ne5 22. Rxc8 Rxc8 23. Rd1 Nxd3 24. Rxd3 Ke7 25. Kd2 Rc6 26. Rb3 Rd6+
27. Rd3 Rg6 28. g3 Rh6 29. h4 Rf6 30. Ke2 Rg6 31. Kf3 Rf6+ 32. Kg2 Rd6 33. Rd5
a6 34. Kf3 Rc6 35. Ke2 Rc2+ 36. Rd2 Rc4 37. Kd3 Rc6 38. Rc2 Rd6+ 39. Ke2 Kd7
40. b3 Rg6 41. Kf3 Rf6+ 42. Kg2 Re6 43. Rd2+ Rd6 44. Rxd6+ Kxd6 45. b4 h5 46.
Kf2 Ke5 47. Kf3 g6 48. g4 f6 49. gxh5 gxh5 50. Kg3 Kxe4 51. Kf2 f5 52. Ke2 f4
53. exf4 Kxf4 54. Kd3 Kg4 55. Kd4 Kxh4 56. Kc5 Kg4 57. Kb6 h4 58. Kxa6 h3 59.
Kxb5 h2 60. Ka6 h1=Q 61. a4 Qe4 62. Ka5 Qa8+ 63. Kb5 Kf5 64. a5 Qb7+ 65. Kc5
Ke5 66. b5 Qc7+ 67. Kb4 Kd4 68. a6 Qc3+ 69. Ka4 Kc5 0-1

[Event "45. Open de Mislata 2011 - Promesas"]
[Site "Mislata ESP"]
[Date "2011.08.19"]
[Round "7.5"]
[White "Chakrian, Tigran"]
[Black "Moreno Vicente, Jesus Miguel"]
[Result "1/2-1/2"]
[WhiteElo "1912"]
[BlackElo "1714"]
[PlyCount "83"]
[EventDate "2011.08.15"]
[EventType "tourn"]
[EventRounds "9"]
[EventCountry "ESP"]
[Source "lmi"]
[SourceDate "2011.08.15"]

1. c4 Nf6 2. Nc3 c5 3. g3 d6 4. e3 e6 5. Bg2 Be7 6. Nge2 O-O 7. O-O Na6 8. d4
Rb8 9. a3 Bd7 10. Bd2 Nc7 11. Ne4 Bc6 12. N2c3 Nxe4 13. Bxe4 Bxe4 14. Nxe4 cxd4
15. exd4 d5 16. cxd5 Qxd5 17. Bf4 Rbc8 18. Nc3 Qd7 19. Qd2 Bf6 20. Rfd1 Rfd8
21. Be3 Nd5 22. Nxd5 Qxd5 23. Rac1 h6 24. Rxc8 Rxc8 25. Rc1 Rd8 26. Qb4 a5 27.
Qb6 Rd6 28. Qc7 Rc6 29. Rxc6 bxc6 30. Qb6 Qb5 31. Qxb5 cxb5 32. b3 a4 33. bxa4
bxa4 34. Kf1 Kf8 35. Ke2 Ke7 36. Kd3 Kd7 37. Kc4 Be7 38. Bc1 Kc6 39. Bb2 Bd6
40. Bc1 f5 41. h3 g5 42. g4 1/2-1/2

[Event "45. Open de Mislata 2011 - Promesas"]
[Site "Mislata ESP"]
[Date "2011.08.20"]
[Round "8.1"]
[White "Cama Molina, Daniel"]
[Black "Moreno Vicente, Jesus Miguel"]
[Result "1-0"]
[WhiteElo "1619"]
[BlackElo "1714"]
[PlyCount "53"]
[EventDate "2011.08.15"]
[EventType "tourn"]
[EventRounds "9"]
[EventCountry "ESP"]
[Source "lmi"]
[SourceDate "2011.08.15"]

1. d4 Nf6 2. Nf3 c5 3. d5 d6 4. c4 e6 5. Nc3 Na6 6. e4 Be7 7. Bf4 e5 8. Bg3 Nc7
9. Be2 Bd7 10. Nd2 O-O 11. O-O a6 12. f4 exf4 13. Bxf4 Nfe8 14. e5 dxe5 15.
Bxe5 Bd6 16. Bxd6 Nxd6 17. Nce4 Nxe4 18. Nxe4 b6 19. Bd3 f5 20. Ng3 Qg5 21. Qf3
Rae8 22. Rae1 g6 23. Re2 Rxe2 24. Qxe2 Re8 25. Qf2 Re3 26. Bb1 Qe7 27. d6 1-0

[Event "45. Open de Mislata 2011 - Promesas"]
[Site "Mislata ESP"]
[Date "2011.08.20"]
[Round "8.2"]
[White "Pons Lopez, Joan"]
[Black "Chakrian, Tigran"]
[Result "0-1"]
[WhiteElo "1612"]
[BlackElo "1912"]
[PlyCount "74"]
[EventDate "2011.08.15"]
[EventType "tourn"]
[EventRounds "9"]
[EventCountry "ESP"]
[Source "lmi"]
[SourceDate "2011.08.15"]

1. e4 c6 2. d4 d5 3. e5 c5 4. c4 Nc6 5. dxc5 e6 6. Nf3 Bxc5 7. Be2 Nge7 8. O-O
Ng6 9. Nc3 d4 10. Ne4 Be7 11. Qa4 O-O 12. Rd1 Ngxe5 13. Nxe5 Nxe5 14. Be3 Nc6
15. a3 f5 16. Nc3 Bd7 17. Bxd4 Nxd4 18. Rxd4 Bxa4 19. Rxd8 Rfxd8 20. Nxa4 Rd2
21. Bf3 Rad8 22. Kf1 b6 23. b3 Rc2 24. Bd1 Bf6 25. Rb1 Rcd2 26. Bf3 Bd4 27. Be2
Ra2 28. h4 Ra1 29. Re1 Rxa3 30. Rb1 Ra1 31. Rxa1 Bxa1 32. Ke1 Bd4 33. g4 g6 34.
g5 h6 35. gxh6 Kh7 36. h5 g5 37. f3 Kxh6 0-1

[Event "45. Open de Mislata 2011 - Promesas"]
[Site "Mislata ESP"]
[Date "2011.08.20"]
[Round "8.3"]
[White "Palomo Ruiperez, Bruno"]
[Black "Ull Molina, Daniel"]
[Result "1/2-1/2"]
[WhiteElo "1613"]
[BlackElo "1582"]
[PlyCount "60"]
[EventDate "2011.08.15"]
[EventType "tourn"]
[EventRounds "9"]
[EventCountry "ESP"]
[Source "lmi"]
[SourceDate "2011.08.15"]

1. d4 Nf6 2. c4 d6 3. Nf3 g6 4. Nc3 Bg7 5. e4 O-O 6. Be2 e5 7. d5 Nbd7 8. Be3
Ne8 9. h4 h5 10. Qd2 a6 11. Bh6 Nc5 12. Bxg7 Kxg7 13. b4 Nd7 14. Ng5 Ndf6 15.
f4 Bg4 16. Rf1 Bxe2 17. Qxe2 Qe7 18. g3 c6 19. f5 Nh7 20. fxg6 Nxg5 21. Qxh5
fxg6 22. Qxg5 Rxf1+ 23. Kxf1 Qxg5 24. hxg5 Nc7 25. Kg2 Rc8 26. a4 Ne8 27. Rc1
cxd5 28. Nxd5 Nc7 29. Nxc7 Rxc7 30. Kf2 b6 1/2-1/2

[Event "45. Open de Mislata 2011 - Promesas"]
[Site "Mislata ESP"]
[Date "2011.08.20"]
[Round "8.4"]
[White "Garcia Sancho, Josep"]
[Black "Martinez Hernandez, Paula"]
[Result "0-1"]
[WhiteElo "1551"]
[BlackElo "1701"]
[PlyCount "78"]
[EventDate "2011.08.15"]
[EventType "tourn"]
[EventRounds "9"]
[EventCountry "ESP"]
[Source "lmi"]
[SourceDate "2011.08.15"]

1. d4 f5 2. c4 Nf6 3. Nc3 g6 4. Bg5 Bg7 5. g3 d6 6. Bg2 Nc6 7. Nf3 a6 8. O-O
O-O 9. Rc1 Kh8 10. h3 Bd7 11. Qd2 Ng8 12. d5 Ne5 13. Nxe5 dxe5 14. e4 h6 15.
Be3 g5 16. Qe2 f4 17. Bd2 Rb8 18. Kh2 b5 19. c5 b4 20. Nd1 Bb5 21. Qe1 Bxf1 22.
Qxf1 a5 23. b3 e6 24. Nb2 exd5 25. exd5 f3 26. Bh1 Qxd5 27. Be3 e4 28. Nc4 Ra8
29. Rd1 Qe6 30. Rd2 Nf6 31. Bd4 Rfd8 32. Bxf6 Bxf6 33. Qd1 Rxd2 34. Qxd2 Rd8
35. Qe3 Bd4 36. Qe1 Bxc5 37. Qc1 Bxf2 38. Qb2+ Bd4 39. Qd2 Bg1+ 0-1

[Event "45. Open de Mislata 2011 - Promesas"]
[Site "Mislata ESP"]
[Date "2011.08.20"]
[Round "8.5"]
[White "Fernandez Juan, Marcos"]
[Black "Fernandez Garcia, Olmo"]
[Result "0-1"]
[WhiteElo "1619"]
[BlackElo "1677"]
[PlyCount "70"]
[EventDate "2011.08.15"]
[EventType "tourn"]
[EventRounds "9"]
[EventCountry "ESP"]
[Source "lmi"]
[SourceDate "2011.08.15"]

1. e4 e5 2. d4 exd4 3. c3 dxc3 4. Bc4 Nc6 5. Nxc3 d6 6. Nf3 Be6 7. Bxe6 fxe6 8.
O-O Nf6 9. Be3 Be7 10. Qb3 Qc8 11. Ng5 Nd8 12. f4 h6 13. Nf3 O-O 14. Nh4 Kh7
15. f5 Ng4 16. Ng6 Nxe3 17. Nxe7 Qd7 18. Ng6 Rf7 19. Rf3 exf5 20. Rxe3 Kxg6 21.
Rg3+ Kh7 22. Rf1 fxe4 23. Rxf7 Qxf7 24. Qb4 d5 25. Qd4 c6 26. Nxe4 dxe4 27.
Qxe4+ Kh8 28. Rf3 Qg8 29. Qe7 Ne6 30. Rf7 Rf8 31. Rxf8 Nxf8 32. Qxb7 Qxa2 33.
Qc8 Qb1+ 34. Kf2 Qxb2+ 35. Kg1 Qf6 0-1

[Event "45. Open de Mislata 2011 - Promesas"]
[Site "Mislata ESP"]
[Date "2011.08.21"]
[Round "9.1"]
[White "Fernandez Garcia, Olmo"]
[Black "Cama Molina, Daniel"]
[Result "1/2-1/2"]
[WhiteElo "1677"]
[BlackElo "1619"]
[PlyCount "103"]
[EventDate "2011.08.15"]
[EventType "tourn"]
[EventRounds "9"]
[EventCountry "ESP"]
[Source "lmi"]
[SourceDate "2011.08.15"]

1. e4 c5 2. Nf3 Nc6 3. d4 cxd4 4. Nxd4 Nf6 5. Nc3 e5 6. Nb3 Bb4 7. Bd2 Bxc3 8.
Bxc3 Nxe4 9. Qg4 d5 10. Qxg7 Qf6 11. Qxf6 Nxf6 12. f3 a6 13. O-O-O Bf5 14. Re1
Nd7 15. Nd4 Nxd4 16. Bxd4 f6 17. g4 Bg6 18. Bf2 O-O 19. h4 Rac8 20. Re2 Nc5 21.
h5 Nd3+ 22. Kb1 Nxf2 23. Rxf2 Bf7 24. Bd3 Be6 25. h6 Bf7 26. g5 Bg6 27. Bxg6
hxg6 28. Rg2 Kh7 29. c3 fxg5 30. Rxg5 Rf5 31. Rg3 Rcf8 32. Rhh3 R8f7 33. Kc2
Rh5 34. Kb3 Rxh6 35. Kb4 b6 36. a4 Rf4+ 37. Kb3 Rfh4 38. Rxh4 Rxh4 39. Ka3 Kg7
40. b4 Kf6 41. Kb3 Kf5 42. a5 b5 43. Kc2 g5 44. Rg2 Kf4 45. Rd2 e4 46. fxe4
dxe4 47. Rd6 Rh2+ 48. Kd1 Rh1+ 49. Ke2 Rh2+ 50. Kd1 Rh1+ 51. Ke2 Rh2+ 52. Kd1
1/2-1/2

[Event "45. Open de Mislata 2011 - Promesas"]
[Site "Mislata ESP"]
[Date "2011.08.21"]
[Round "9.2"]
[White "Martinez Hernandez, Paula"]
[Black "Fernandez Juan, Marcos"]
[Result "1/2-1/2"]
[WhiteElo "1701"]
[BlackElo "1619"]
[PlyCount "73"]
[EventDate "2011.08.15"]
[EventType "tourn"]
[EventRounds "9"]
[EventCountry "ESP"]
[Source "lmi"]
[SourceDate "2011.08.15"]

1. e4 Nf6 2. Nc3 d5 3. exd5 Nxd5 4. Nxd5 Qxd5 5. Qf3 Qc5 6. c3 Nc6 7. d4 Qd6 8.
Bc4 e6 9. Bf4 Qd7 10. Bb5 Bd6 11. Ne2 Rb8 12. Qg3 O-O 13. h4 a6 14. Bd3 b5 15.
Bxd6 cxd6 16. Nf4 e5 17. Nh5 f6 18. d5 Na5 19. b4 Nc4 20. Bxc4 bxc4 21. Qf3 Bb7
22. Ng3 f5 23. Rd1 Qf7 24. Rd2 Rbd8 25. O-O Qf6 26. Qh5 e4 27. Rd4 Qe5 28. f4
Qf6 29. Kf2 h6 30. Rh1 Rd7 31. a4 Kh7 32. Qe2 g6 33. Qe3 Rg7 34. a5 Qf7 35. Ne2
Qe7 36. Ng3 Re8 37. Ne2 1/2-1/2

[Event "45. Open de Mislata 2011 - Promesas"]
[Site "Mislata ESP"]
[Date "2011.08.21"]
[Round "9.3"]
[White "Ull Molina, Daniel"]
[Black "Garcia Sancho, Josep"]
[Result "1-0"]
[WhiteElo "1582"]
[BlackElo "1551"]
[PlyCount "65"]
[EventDate "2011.08.15"]
[EventType "tourn"]
[EventRounds "9"]
[EventCountry "ESP"]
[Source "lmi"]
[SourceDate "2011.08.15"]

1. d4 Nf6 2. c4 c5 3. Nf3 cxd4 4. Nxd4 Nc6 5. Nxc6 bxc6 6. Nc3 g6 7. Bg5 Bg7 8.
g3 Qb6 9. Qd2 Rb8 10. Rb1 O-O 11. Bg2 Re8 12. O-O Qc7 13. b4 d6 14. a4 Bd7 15.
Bf4 c5 16. b5 Qa5 17. Rb3 Be6 18. Qd3 Nh5 19. Ra3 Nxf4 20. gxf4 Qb4 21. Nd5
Bxd5 22. Bxd5 Qa5 23. f5 Kf8 24. fxg6 hxg6 25. Qf3 Bf6 26. Qf4 Qb4 27. Rh3 Kg8
28. Qh6 e6 29. Qh7+ Kf8 30. Bc6 Red8 31. Rf3 Qd2 32. Kh1 Qg5 33. Rg1 1-0

[Event "45. Open de Mislata 2011 - Promesas"]
[Site "Mislata ESP"]
[Date "2011.08.21"]
[Round "9.4"]
[White "Chakrian, Tigran"]
[Black "Palomo Ruiperez, Bruno"]
[Result "1-0"]
[WhiteElo "1912"]
[BlackElo "1613"]
[PlyCount "119"]
[EventDate "2011.08.15"]
[EventType "tourn"]
[EventRounds "9"]
[EventCountry "ESP"]
[Source "lmi"]
[SourceDate "2011.08.15"]

1. d4 Nf6 2. c4 e6 3. Nc3 Bb4 4. Qc2 d5 5. e3 O-O 6. Bd3 Nbd7 7. Nf3 h6 8. O-O
c6 9. a3 Bxc3 10. Qxc3 Qc7 11. b4 a5 12. Bb2 dxc4 13. Bxc4 b5 14. Bxb5 Bb7 15.
Bd3 Qb6 16. e4 axb4 17. Qxb4 Qxb4 18. axb4 Rfd8 19. Rfd1 Nh5 20. Bc4 Nb6 21.
Bb3 Ba6 22. Ne5 Bb5 23. g3 Nf6 24. f3 Nfd7 25. Nxd7 Nxd7 26. d5 Nf8 27. dxc6
Rxd1+ 28. Bxd1 Rxa1 29. Bxa1 Bxc6 30. Be2 Nd7 31. Ba6 Nb8 32. Bc4 Bb7 33. Kf2
Nc6 34. Bc3 Kf8 35. Ke3 g6 36. b5 Nb8 37. g4 Nd7 38. h4 e5 39. Bd5 Bc8 40. Ba5
Ke8 41. b6 Nc5 42. Bc6+ Bd7 43. b7 Na6 44. Bd5 Bb5 45. Bc7 Ke7 46. Bxe5 f6 47.
b8=Q Nxb8 48. Bxb8 Bd7 49. e5 fxe5 50. Bxe5 Kf8 51. Bf6 h5 52. gxh5 gxh5 53.
Kf4 Be8 54. Kg5 Ba4 55. Kxh5 Be8+ 56. Kg5 Ba4 57. h5 Bc2 58. Be6 Bb1 59. f4 Ke8
60. f5 1-0

[Event "45. Open de Mislata 2011 - Promesas"]
[Site "Mislata ESP"]
[Date "2011.08.21"]
[Round "9.5"]
[White "Moreno Vicente, Jesus Miguel"]
[Black "Pons Lopez, Joan"]
[Result "1-0"]
[WhiteElo "1714"]
[BlackElo "1612"]
[PlyCount "65"]
[EventDate "2011.08.15"]
[EventType "tourn"]
[EventRounds "9"]
[EventCountry "ESP"]
[Source "lmi"]
[SourceDate "2011.08.15"]

1. d4 d5 2. c4 e6 3. Nc3 Nf6 4. Nf3 Bb4 5. Bd2 O-O 6. e3 Nc6 7. a3 Bxc3 8. bxc3
b6 9. cxd5 exd5 10. Bd3 Ne4 11. Qc2 Re8 12. c4 Bb7 13. O-O Qd7 14. Rfc1 Rac8
15. Be1 Kf8 16. Nd2 Nb8 17. cxd5 Qxd5 18. Nxe4 f5 19. f3 fxe4 20. Bxe4 Rxe4 21.
fxe4 Qg5 22. Qf2+ Kg8 23. Qf4 Qe7 24. Bh4 Qd7 25. Qf5 Qd6 26. Bg3 Qe7 27. Qe5
Qxe5 28. Bxe5 Na6 29. Rc3 Bxe4 30. Rac1 c6 31. Rf1 Bd5 32. Rf4 Be6 33. Rc1 1-0